2020 Hurling all stars - Statistics

General Stats
  • This quiz has been taken 2 times
  • The average score is 11 of 15
Answer Stats
Hint Answer % Correct
13 (Luimneach) Aaron Gillane
100%
11 (Luimneach) Cian Lynch
100%
3 (Luimneach) Dan Morrissey
100%
7 (Luimnach) Kyle Hayes
100%
1 (Luimneach) Nickie Quaid
100%
2 (Luimneach) Seán Finn
100%
14 (Cill Chainnigh) TJ Reid
100%
12 (Luimneach) Tom Morrissey
100%
9 (an Clár) Tony Kelly
100%
4 (Gaillimh) Daithí Burke
50%
10 (Luimneach) Gearóid Hegarty
50%
8 (Port Láirge) Jamie Barron
50%
6 (Port Láirge) Tadgh de Búrca
50%
5 (Luimneach) Diarmaid Byrnes
0%
15 (Port Láirge) Stephan Bennett
0%
No matching quizzes found
Score Distribution
Percent of People with Each Score
Percentile by Number Answered
Your Score History
You have not taken this quiz